000 00741nam a2200217 i 4500
001 26734
003 ES-MaACL
005 20251004063052.0
007 t|
008 030110s1895 fr ||||1| fre d
100 1 _aArréat, Lucien,
_d1841-1922
_923233
245 1 0 _aMémoire et imagination
_b: peintres, musiciens, poètes et orateurst /
_cpar Lucien Arréat.
260 _aParis :
_bAlcan,
_c1895 (
_eVersailles :
_fCerf et Cie)
300 _aVII, 171 p. ;
_c18 cm.
490 1 _aBibliothèque de philosophie contemporaine
650 0 4 _aArte-
_xFilosofía.
_910099
650 0 4 _aImaginación.
_913598
830 0 _aBibliothèque de philosophie contemporaine
_9181027
852 _aES-MaACL
_jF-12190
999 _c26734
_d26734